| 000 | 01037nac a22003257a 4500 | ||
|---|---|---|---|
| 001 | BR7503108 | ||
| 003 | BR-BrBNA | ||
| 005 | 20240105113848.0 | ||
| 008 | 230509b bl.|||m| |||| 00| 0 por d | ||
| 040 |
_aBR-BrBNA _bpor _cBiblioteca Nacional de Agricultura |
||
| 072 | _aF23; F24 | ||
| 090 | _aF23 BR7503108 | ||
| 100 | 1 | _aSouza, M.J.N. de | |
| 110 | 1 |
_aUniversidade de Sao Paulo, Sao Paulo (Brasil). Inst. de Geografia _910547 |
|
| 245 | 1 | _aGeomorfologia do Vale do Choro CE. [hidrografia, vegetacao, clima, relevo, Brasil] | |
| 260 | 3 |
_aSao Paulo, SP (Brasil): _c1975. |
|
| 300 | _a121 p. | ||
| 490 |
_aTeses e Monografias - Universidade de Sao Paulo. Inst. de Geografia _vno. 16 _x |
||
| 500 | _a46 ref.; 36 illus.; Summary (Pt) | ||
| 650 | _aGEOMORFOLOGIA | ||
| 650 | _aRECONHECIMENTO DO SOLO | ||
| 650 | _aVALE DO CHORO | ||
| 650 | _aHIDROGRAFIA | ||
| 650 | _aVEGETACAO | ||
| 650 | _aSOLO | ||
| 650 | _aRELEVO | ||
| 650 | _aCEARA | ||
| 909 |
_a202312 _bLúcia Elande _c55 _dLúcia Elande |
||
| 942 |
_2AGRIS _n0 _cMS |
||
| 999 |
_c266012 _d266012 |
||